Etimologia dei Paesi #8 - Statistics

Statistiche generali
  • Questo quiz è stato fatto 25 volte
  • Il punteggio medio è 3 su 10
Statistiche sulle risposte
Etimologia Paesee % Corretto
"Barbuti" Barbados
90%
Da "isole palazzo" in arabo, oppure da "ghirlanda di isole" in sanscrito Maldive
57%
Adattamento del vecchio nome "isole Gilbert" Kiribati
29%
"Isole della Luna", in arabo Comore
24%
Da un termini che significa "fortezza costruita vicino all'acqua" in arabo Kuwait
24%
Dal nome del colle su cui sorge, legato all'idea di profezia Città del Vaticano
19%
"Ippopotamo" in una lingua mandingo Mali
14%
"Terra dalle molte acque", in una delle lingue arawak Guyana
10%
"Terra delle quaranta tribù" Kirghizistan
10%
"Terra dei mischiati" o "terra dei disturbatori" Bulgaria
5%
Nessun quiz corrispondente trovato
Distribuzione punteggi
Percentuale di utenti per punteggio
Percentile per numero di risposta
I tuoi punteggi nel tempo
Non hai fatto questo quiz